Capitales sans les lettres de "Suva" - Statistiques

Statistiques générales
  • Ce quiz a été pris 4 fois
  • Le résultat moyen est 7 sur 20
Statistiques - réponses
Continents Capitales % Correct
Europe Berne
75%
Asie Dili
75%
Asie Pékin
75%
Europe Rome
75%
Asie Tokyo
75%
Europe Berlin
50%
Afrique Moroni
50%
Asie Phnom Penh
50%
Afrique Tripoli
50%
Asie Bichkek
25%
Afrique Freetown
25%
Amérique du Sud Georgetown
25%
Afrique Lomé
25%
Amérique du Nord Mexico
25%
Océanie Wellington
25%
Amérique du Nord Bridgetown
0%
Asie Koweït
0%
Afrique Lilongwe
0%
Asie New Delhi
0%
Afrique Windhoek
0%
Aucun quiz correspondant
Distribution des résultats
% des personnes avec chaque résultat
Percentile par nombre de réponses
Votre historique - résultats
Vous n’avez pas pris ce quiz